Acció del Govern de Catalunya : 1990 / Generalitat de Catalunya 1990 / Generalitat de Catalunya
Descripción Física:
331 p. . il., col. ; 30'5 cm
Materias:
Catalunya -- Política i govern
MARC
| LEADER | 00000nam a2200000Ia 4500 | ||
|---|---|---|---|
| 001 | 9559 | ||
| 008 | 160829s9999 xx 000 0 cat d | ||
| 080 | |a FOL-1-90 | ||
| 110 | |a Catalunya. |b Departament de la Presidència |9 10777 | ||
| 245 | |a Acció del Govern de Catalunya : |b 1990 / Generalitat de Catalunya | ||
| 260 | |a Barcelona : |b Generalitat de Catalunya. Departament de la Presidència, febrer 1992 | ||
| 300 | |a 331 p. . il., col. ; |c 30'5 cm | ||
| 651 | 0 | |a Catalunya |x Política i govern |9 53682 | |
| 901 | |a Arxiu | ||
| 942 | |n 1 | ||
| 952 | |0 0 |1 0 |4 0 |6 FOL190 |7 1 |9 42575 |a Arxiu |b Arxiu |d 2016-12-01 |l 0 |o FOL-1-90 |p 9559 |r 2016-12-01 00:00:00 |w 2016-12-01 |y ARXIU | ||
| 999 | |c 45080 |d 45080 | ||